| 000 | 00990nas a2200325 4500 | ||
|---|---|---|---|
| 001 | BR0503870 | ||
| 003 | BR-BrBNA | ||
| 005 | 20231205105528.0 | ||
| 007 | ta | ||
| 008 | 230509b bl.|||p| |||| 00| 00por d | ||
| 040 |
_aBR-BrBNA _bpor _cBiblioteca Nacional de Agricultura |
||
| 041 | _a(Pt) | ||
| 072 | _aL62; L51 | ||
| 100 | 1 | _aTrevisan, N. de B. | |
| 100 | 1 | _aQuadros, F.L.F. de | |
| 100 | 1 | _aSilva, A.C.F. da | |
| 100 | 1 | _aBandinelli, D.G. | |
| 100 | 1 | _aMartins, C.E.N. | |
| 245 | 1 | _aEfeito da estrutura de uma pastagem hibernal sobre o comportamento de pastejo de novilhos de corte | |
| 650 | _aGADO DE CORTE | ||
| 650 | _aPASTAGEM CONSORCIADA | ||
| 650 | _aPASTEJO | ||
| 650 | _aAVEIA FORRAGEIRA | ||
| 650 | _aAZEVÉM | ||
| 650 | _aINGESTÃO | ||
| 650 | _aMATÉRIA SECA | ||
| 773 | 0 |
_tRevista Brasileira de Zootecnia (Brazil) _xISSN 1516-3598 _g(May-Jun 2005), v. 34(3) p. 774-780 _wBR0503870 |
|
| 909 |
_a202311 _bLúcia _c55 _dLúcia Elande |
||
| 942 |
_2AGRIS _n0 _cANA |
||
| 999 |
_c183415 _d183415 |
||